LIBRARY & INFORMATION CENTRE, KCAET, TAVANUR

ONLINE PUBLIC ACCESS CATALOGUE (OPAC)

Evolution of India and Pakistan 1858 to 1947 | Select Documents (Record no. 17813)

MARC details
000 -LEADER
fixed length control field 00400nam a22001577a 4500
003 - CONTROL NUMBER IDENTIFIER
control field OSt
008 - FIXED-LENGTH DATA ELEMENTS--GENERAL INFORMATION
fixed length control field 231114b |||||||| |||| 00| 0 eng d
041 ## - LANGUAGE CODE
Language code of text/sound track or separate title eng
082 ## - DEWEY DECIMAL CLASSIFICATION NUMBER
Classification number 954.03
Item number PHI
100 ## - MAIN ENTRY--AUTHOR NAME
Personal name Philps, CH
245 ## - TITLE STATEMENT
Title Evolution of India and Pakistan 1858 to 1947
Remainder of title Select Documents
250 ## - EDITION STATEMENT
Edition statement Reprint
260 ## - PUBLICATION, DISTRIBUTION, ETC. (IMPRINT)
Place of publication 1962:
Name of publisher Current Books,
Year of publication 1962.
300 ## - PHYSICAL DESCRIPTION
Number of Pages 786pages.
942 ## - ADDED ENTRY ELEMENTS (KOHA)
Koha item type Books
Holdings
Withdrawn status Lost status Damaged status Home library Current library Shelving location Date acquired Full call number Accession Number Koha item type Cost, normal purchase price
      KAUAET KAUAET   16/11/2023 954.03 PHI   Books 21.00
Withdrawn     KAUAET Sanskrit University General Stacks 14/11/2023 954.03 PHI 10310 Books  
free website counter